000 01143nas a2200301 4500
001 BR2015004204
003 BR-BrBNA
005 20231205125552.0
007 ta
008 230509b bl.|||p| |||| 00| 00por d
040 _aBR-BrBNA
_bpor
_cBiblioteca Nacional de Agricultura
041 _a(Pt)
072 _aF02
100 1 _aSoares, F.P.
100 1 _aPaiva, R.
100 1 _aCastro, E.M. de
100 1 _aBraga, F.T.
100 1 _aPorto, J.M.P.
111 1 _a16° Congresso Brasileiro de Floricultura e Plantas Ornamentais; 3° Congresso Brasileiro de Cultura de Tecidos de Plantas; 1° Simpósio de Plantas Ornamentais Nativas
_cGoiânia, GO (Brazil)
_d10-15 Sep 2007
245 1 _aEfeito de diferentes fontes de citocinina na micropropagação de mangabeira (Hancornia speciosa Gomes)
650 _aPROPAGAÇÃO VEGETATIVA
650 _aBROTAÇÃO
650 _aCULTURA DE TECIDO
650 _aORGANOGÊNESE
773 0 _tRevista Brasileira de Horticultura Ornamental (Brazil)
_xISSN 1809-6093
_g(Sep 2007), v. 13(Suplemento) p. 767-769
_wBR2015004204
909 _a202311
_bLúcia
_c55
_dLúcia Elande
942 _2AGRIS
_n0
_cANA
999 _c244961
_d244961